00863nam a22002297a 450000500170000001000150001702000270003202000240005903500140008303700130009708200150011010000170012524501020014226000450024427000570028930000310034650000500037770000220042794200290044999900190047895201360049720171012151033.0 aENG-120989 c1599.00a9789350183847 c1599.00a9350183846 aEN-104521 bDBAD/PUB a307.760954 aJain, A. K.  aRevisiting land acquisition and urban process /cA. K. Jain [and] foreworded by Suresh, P. Prabhu aNew DelhibReadworthy Publicationsc2014 aD-1, Mohan Garden Near AbhinandanbNew Delhie110059 axxi,388p.c22.5cm(Hb)bill aIncludes bibliographical references and index aSuresh, P. Prabhu 2ddccENh307.760954mJAI c146558d146558 001040718NFICaDBADbDBADd2017-10-12eDg1599.00l0o307.760954 JAIpEN-104521r2017-10-12 00:00:00t1v1599.00w2017-10-12yEN